000 00612nam a2200229Ia 4500
003 OSt
005 20220926041052.0
006 a|||||r|||| 00| 0
007 ta
008 220923b |||||||| |||| 00| 0 eng d
037 _cGeneral Book
040 _aRTL
_cRTL
_beng
041 _2eng
_aeng
082 _aX:74, H9
100 _aEstey James Arthur
245 0 _aBusiness cycles, their nature, cause, and control
260 _c1949
490 _aPrentice-Hall Economics Seires.4
650 _aBusiness Cycle
942 _hX:74, H9
_cGB
_2CC
999 _c666293
_d666293